| 000 | 00992cam a2200277 a 4500 | ||
|---|---|---|---|
| 001 | 000764685 | ||
| 003 | AM-YeHGA | ||
| 005 | 20250617143751.0 | ||
| 008 | 951025s1996 caua b 000 0 eng d | ||
| 020 | _a0534340377 (acidbsfree paper) | ||
| 040 | _aAM-YeHGA | ||
| 100 | 1 | _aSue, Derald Wing. | |
| 245 | 1 | 2 |
_aA theory of multicultural counseling and therapy / _cDerald Wing Sue, Allen E. Ivey, Paul B. Pedersen. |
| 246 | 1 | 4 | _aTheory of multicultural counseling & therapy |
| 260 |
_aPacific Grove, Calif. : _bBrooks/Cole Publ. Co., _c1996. |
||
| 300 |
_axx, 265 p. : _bill. ; _c25 cm. |
||
| 500 | _a"A Clairemont book" - T.p. verso. | ||
| 504 | _aIncludes bibliogr. references. | ||
| 650 | 0 |
_aMinorities _xMental health services. |
|
| 650 | 0 | _aCross-cultural counseling. | |
| 650 | 0 |
_aMinorities _xMental health services _zUnited States. |
|
| 650 | 0 |
_aCross-cultural counseling _zUnited States. |
|
| 700 | 1 | _aIvey, Allen E. | |
| 700 | 1 |
_aPedersen, Paul, _d1936- |
|
| 090 | _c282906 | ||
| 999 |
_c281250 _d281250 |
||